1009 1972 1598 1698 1607 1144 1094 1968 1422 1010 1145 1312 1634 1800 1883 1619 1792 1307 1756 1453 1607 1042 1409 1229 1003 1783 1051 1916 1982 1295 1287 1756 1505 1469 1067 1623 1518 1376 1675 1760 1845 1828 1637 1582 1460 1482 1792 1827 1301 1556 1217 1044 1845 1663 1024 1199 1965 1766 1771 1220 1225 1979 1941 1312 1100 1612 1048 1052 1075 1413 1138 1970 1639 1705 1083 1641 1627 1325 1424 1811 1507 1842 1077 1448 1611 1253 1472 1852 1959 1521 1481 1352 1781 1676 1315 1729 1909 1378 1466 BCNSPRNW ULIB Ver.6.0+V

เปลี่ยนเป็นภาษาไทย

Change to English
 แสดงรายละเอียดบรรณานุกรม
  กลับหน้าหลัก

Brief Record : Get Marc (ISO 2709) : E-mail record : QR code < ปิดหน้าต่าง
LEADER : 00000nam 2200000uu 4500
001    13399127883
003     ULIB
008    211019s2563||||th 000 0 tha d
020    ^a9786164492349
050  0 ^aPE420^bอ772ป
100    ^aอีคีแทก สถาบันวิจัย MOZILGE
245    ^aประลองโจทย์ข้อสอบจริง TOEIC 1000 ข้อ RC (Reading
260    ^aกรุงเทพฯ :^bอินส์พัลธิงค์ บียอนด์ บุ๊คส์,^c2563
300    ^a316 หน้า;^b29 ซม.
650    ^aภาษาอังกฤษ - ข้อสอบและเฉลย
945    ^p300^l0^i008513
999    ^aประนอม เกษจรัล
รายการนี้ยังไม่มีแท็ก
คุณยังไม่ได้ล็อกอิน คุณสามารถมีกิจกรรมร่วมกับเว็บไซต์ได้ แต่ต้องล็อกอินก่อน ::
  ล็อกอิน

รายการสื่อสารสนเทศ

ลำดับที่ ประเภท เลขเรียก/บาร์โค้ด สถานที่ สถานะ
1. การศึกษาทั่วไป
หนังสือสำรอง
สถานะ=หนังสือสำรอง
PE420 อ772ป ฉ.1 
  Barcode: 008513
ห้องสมุดวิทยาเขตสวรรค์ประชารักษ์
►หนังสือทั่วไป
บนชั้น

รายการใกล้เคียง
    ชื่อเรื่อง [ประลองโจทย์ข้อสอบจริง TOEIC 1000 ข้อ RC (Reading]

    ผู้แต่ง [อีคีแทก สถาบันวิจัย MOZILGE]

    หัวเรื่อง [ภาษาอังกฤษ - ข้อสอบและเฉลย]

BibComment


ยังไม่เคยถูกคอมเมนท์

คอมเมนท์ทรัพยากรรายการนี้
  คอมเมนท์: ประลองโจทย์ข้อสอ..


 Copyright 2026. Bcnsprnw @Library